| 000 | 01272nam a22003135i 4500 | ||
|---|---|---|---|
| 999 |
_c27691 _d27662 |
||
| 003 | EG-ScBUE | ||
| 005 | 20191020104135.0 | ||
| 008 | 191020s1999 ua f b 000 0 ara d | ||
| 017 | _a99 / 3681 | ||
| 020 | _a9772233150 | ||
| 040 |
_aEG-ScBUE _bara _erda _cEG-ScBUE _dEG-ScBUE |
||
| 043 | _aa------ | ||
| 082 | 0 | 4 |
_a320.55095 _bإ س ل _222 |
| 245 | 0 | 2 |
_aالإسلام والتنمية في آسيا / _cتحرير ماجدة علي صالح. |
| 264 | 1 |
_aالجيزة، مصر : _bمركز الدراسات الآسيوية، كلية الاقتصاد والعلوم السياسية، جامعة القاهرة، _c1999. |
|
| 300 |
_a174 صفحة ؛ _c24 سم |
||
| 336 |
_2rdacontent _aنص _btxt |
||
| 337 |
_2rdamedia _aبدون وسيط _bn |
||
| 338 |
_2rdacarrier _aمجلد _bnc |
||
| 504 | _aيشتمل على إرجاعات ببليوجرافية. | ||
| 541 |
_aDr. Gamal Selim ; _cDonation ; |
||
| 650 | 7 |
_aالإسلام والاقتصاد _zآسيا. _2BUEsh |
|
| 650 | 7 |
_aالإسلام والإصلاح الاجتماعي _zآسيا. _2BUEsh |
|
| 650 | 7 |
_aالإسلام والسياسة _zآسيا. _2BUEsh |
|
| 651 | _2BUEsh | ||
| 653 |
_bMASPPSS _bBUSBOL _cOctober2019 |
||
| 700 | 1 |
_aصالح، ماجدة علي، _eمحرر. |
|
| 942 | _2ddc | ||